| 000 | 00546nam a22001697a 4500 | ||
|---|---|---|---|
| 020 | _qHard Cover. | ||
| 082 | _aBEE-5AHM | ||
| 100 | _aAhmed Moien. | ||
| 245 |
_aClass Performance Indicator / _cMoien, Ahmed |
||
| 260 |
_aIslamabad: _bSEECS-NUST, _c2012. |
||
| 300 |
_a53 p. : _bill. ; _c30cm. |
||
| 650 |
_aBachelor in Electrical Engineering. _955460 |
||
| 700 |
_aDr. Muhammad Murtaza Khan. _919798 |
||
| 856 | _uhttp://10.250.8.41:8080/xmlui/handle/123456789/3943 | ||
| 942 |
_2ddc _cPR |
||
| 999 |
_c566329 _d566329 |
||